|
|
|
|
| LEADER |
00987nam a2200241 a 4500 |
| 001 |
000694381 |
| 008 |
091119s2006 ii a b u001 0 eng d |
| 020 |
|
|
|a 9780195647907 ($40.00)
|
| 020 |
|
|
|a 0195647904 ($40.00)
|
| 040 |
|
|
|a YDXCP
|c YDXCP
|d OCLCQ
|d BAKER
|d UAB
|
| 049 |
|
|
|a FNPP
|l 32107008707312
|
| 082 |
0 |
0 |
|a 330.01/5195
|2 22
|
| 100 |
1 |
|
|a Nachane, D. M.
|q (Dilip M.)
|
| 245 |
1 |
0 |
|a Econometrics :
|b theoretical foundations and empirical perspectives /
|c Dilip M. Nachane.
|
| 260 |
|
|
|a New Delhi ;
|a New York :
|b Oxford University Press,
|c 2006.
|
| 300 |
|
|
|a xv, 868 p. :
|b ill. ;
|c 24 cm.
|
| 490 |
0 |
|
|a Oxford textbooks
|
| 504 |
|
|
|a Includes bibliographical references (p. 840-844) and indexes.
|
| 541 |
1 |
|
|e 00016813
|
| 650 |
|
0 |
|a Econometrics.
|
| 852 |
4 |
|
|a Ayesha Abed Library
|j General Shelf.
|
| 999 |
|
|
|c 5667
|d 5667
|
| 952 |
|
|
|0 0
|1 0
|2 ddc
|4 0
|6 330_015195000000000_NAC
|7 0
|9 5587
|a BRACUL
|b BRACUL
|c GEN
|d 2009-11-21
|g 620.00
|l 2
|m 19
|o 330.015195 NAC
|p 3010016813
|r 2022-04-04
|s 2022-03-21
|t 1
|w 2009-11-21
|y BK
|